Olaszország külpolitikájának mediterrán vonatkozásai az 1948-1953 közötti időszakban

Elmentve itt :
Bibliográfiai részletek
Szerző: Pintácsi Katalin
További közreműködők: J. Nagy László (Témavezető)
Dokumentumtípus: Disszertáció
Megjelent: 2005
Tárgyszavak:
Online Access:http://doktori.ek.szte.hu/540
LEADER 00739nta a2200181 i 4500
001 dokt540
005 20190709112943.0
008 100309s2005 hu om 0|| hun d
040 |a SZTE Doktori Repozitórium  |b hun 
041 |a hun 
100 1 |a Pintácsi Katalin 
245 1 0 |a Olaszország külpolitikájának mediterrán vonatkozásai az 1948-1953 közötti időszakban  |h [elektronikus dokumentum] /  |c  Pintácsi Katalin 
260 |c 2005 
502 |a Disszertacio 
650 4 |a történelemtudományok 
700 2 |a J. Nagy László  |e ths 
856 4 0 |u https://doktori.bibl.u-szeged.hu/id/eprint/540/1/de_2879.pdf  |z Dokumentum-elérés  
856 4 0 |u https://doktori.bibl.u-szeged.hu/id/eprint/540/6/2005_pintacsi_katalin_tezis_hun.pdf  |z Dokumentum-elérés